000 00504nam a22001697a 4500
005 20251108165017.0
008 250721s1986 xx 000 0 ara d
082 1 4 _a658.8/بسا
100 1 _aأبو خضير، بسام محمد
245 1 0 _aأسس التسويق و الإعلان /
264 1 _aاربد :
_bمركز الخوارزمي للكمبيوتر،
_c1986.
300 _a253ص
490 0 _aالسلع والخدمات
650 1 7 _aالتسويق
942 _2ddc
_cBK
999 _c19821
_d19821